JOURNAL OF PROGRESS IN COMPUTING APPLICATION (Record no. 29063)

MARC details
000 -LEADER
fixed length control field 00225nam a22000977a 4500
003 - CONTROL NUMBER IDENTIFIER
control field SGT
245 ## - TITLE STATEMENT
Title JOURNAL OF PROGRESS IN COMPUTING APPLICATION
260 ## - PUBLICATION, DISTRIBUTION, ETC. (IMPRINT)
Name of publisher, distributor, etc TAYLOR & FRANCIS PUBLISHER
Year of Publication 2019
300 ## - PAGE DESCRIPTION
No. of Pages 200
942 ## - ADDED ENTRY ELEMENTS (KOHA)
Source of classification or shelving scheme Dewey Decimal Classification
Koha item type Back Volumes
Holdings
Withdrawn status Lost status Source of classification or shelving scheme Damaged status Not for loan Collection code Home library Current library Shelving location Date acquired Vendor Name Volume Information (Serial or Books or Non-Book Material) Total Checkouts Accession No. (Barcode) Date last seen Bill Date Koha item type
    Dewey Decimal Classification   Not For Loan ENGINEERING SGT Engineering Library SGT Engineering Library On Display 16/01/2025 AHUJA PUBLISHER 08   FEP238 16/01/2025 16/01/2025 Back Volumes